000 00678nam a2200217Ia 4500
003 GCL
008 140319s9999 xx 000 0 eng d
040 _aGCL /
_cGCL
082 0 4 _a341.42
_bG K
100 1 _aAL-GHUNAIN, ABDULLAH YOSUF
245 1 0 _aKUWAIT-IRAQ BOUNDARY DEMARCATION: HISTORICAL RIGHTS AND INTERNATIONAL WILL /
_cAL-GHUNAIN, ABDULLAH YOSUF
700 1 _aPANEL OF SPECIALISTS
260 _a[S.N] :
_bCENTER FOR RESEARCH AND STUDIES ،
_c1994
300 _a227 P
650 0 4 _aKUWAIT
650 0 4 _aKUWAIT - IRAQ
650 0 4 _aKUWAIT - INTERNATIONAL BOUDARY
650 0 4 _aIRAQ INTERNATIONAL BOUDARY
650 0 4 _aINTERNATIONAL BOUNDARY
942 _2ddc
_cBK
999 _c11387
_d11387